000 01127nam a2200337 c 4500
999 _c63871
_d63871
003 BLK
005 20240126162317.0
008 180408b bul|||||r ||||||| ||bul||
010 _aKNG00068130000
020 _a954-321-104-3
040 _aBLK
041 _aBUL
_cBUL
080 _aФренска литература
_b821.133.1
_x-31
_z821.133.1-31
100 1 _aМюсо, Гийом
_eпърви автор
_9291666
139 _aМюсо, Гийом
_bМ 98
245 1 0 _aИ след това...
_bРоман
_cГийом Мюсо; прев. от фр. Владимир Атанасов.
257 _aFRA
260 _aСофия
_bИзток-Запад
_c2005
300 _a352 с.
_c20 см
380 _aX
500 _aПрев. по Et apres... / Guillaume Mussoдоп.- Доп. тир.2014
700 1 _aАтанасов, Владимир
_eпрев. от фр.
_9366818
852 _aЦб 229191
856 4 _qpdf
856 4 _qpdf
942 _cKNG
_n0
_047
_s1
944 _aCR
_c25.09.2006
_k30531
_lЦветелина Шанова
944 _aED
_c03.10.2006
999 _d63871
999 _d63871